[Event "26th 4NCL Congress"]
[Site "Woodland Grange, Leamington Spa"]
[Date "2021.09.11"]
[Round "3"]
[Board "6"]
[White "Brixel, Christof"]
[Black "Villiers, Thomas"]
[Result "0-1"]
[WhiteElo "2088"]
[BlackElo "2299"]
[PlyCount "0"]
[EventDate "2021.09.10"]
[EventRounds "5"]
[EventCountry "ENG"]

1. Nf3 {[%clk 01:28:50]} {[%emt 00:02:08]} c5 {[%clk 01:30:16]} {[%emt
00:00:43]} 2. d4 {[%clk 01:27:48]} {[%emt 00:01:34]} cxd4 {[%clk 01:30:29]}
{[%emt 00:00:16]} 3. Qxd4 {[%clk 01:28:15]} {[%emt 00:00:04]} Nc6 {[%clk
01:30:33]} {[%emt 00:00:26]} 4. Qa4 {[%clk 01:28:39]} {[%emt 00:00:06]} Nf6
{[%clk 01:29:43]} {[%emt 00:01:20]} 5. e4 {[%clk 01:28:16]} {[%emt 00:00:53]}
d6 {[%clk 01:29:38]} {[%emt 00:00:35]} 6. Nc3 {[%clk 01:27:42]} {[%emt
00:01:05]} Bd7 {[%clk 01:29:32]} {[%emt 00:00:36]} 7. Be2 {[%clk 01:27:32]}
{[%emt 00:00:40]} g6 {[%clk 01:26:57]} {[%emt 00:03:05]} 8. O-O {[%clk
01:12:37]} {[%emt 00:18:59]} Bg7 {[%clk 01:27:15]} 9. h3 {[%clk 01:10:54]} O-O
{[%clk 01:20:07]} {[%emt 00:06:27]} 10. Qc4 {[%clk 01:08:40]} {[%emt 00:02:44]}
Rc8 {[%clk 01:17:55]} {[%emt 00:02:42]} 11. Bd2 {[%clk 01:08:16]} {[%emt
00:00:55]} Be6 {[%clk 01:14:56]} {[%emt 00:03:30]} 12. Qb5 {[%clk 01:06:27]}
{[%emt 00:02:18]} Nd7 {[%clk 01:14:39]} {[%emt 00:00:47]} 13. Na4 {[%clk
00:54:39]} {[%emt 00:12:18]} Qc7 {[%clk 01:12:12]} {[%emt 00:02:56]} 14. Rac1
{[%clk 00:52:38]} {[%emt 00:02:32]} Nde5 {[%clk 01:10:15]} {[%emt 00:02:27]} 15.
Nxe5 {[%clk 00:45:06]} {[%emt 00:08:02]} Nd4 {[%clk 01:10:23]} {[%emt
00:00:21]} 16. Qd3 {[%clk 00:44:57]} {[%emt 00:00:40]} Bxe5 {[%clk 01:09:38]}
{[%emt 00:01:15]} 17. Nc3 {[%clk 00:39:53]} {[%emt 00:05:35]} Nxe2+ {[%clk
01:08:35]} {[%emt 00:01:32]} 18. Nxe2 {[%clk 00:27:41]} {[%emt 00:12:41]} Bxb2
{[%clk 01:08:44]} {[%emt 00:00:21]} 19. Bh6 {[%clk 00:28:01]} {[%emt 00:00:11]}
Bc4 {[%clk 01:08:20]} {[%emt 00:00:53]} 20. Qd2 {[%clk 00:27:42]} {[%emt
00:00:50]} Bxc1 {[%clk 01:06:17]} {[%emt 00:02:33]} 21. Rxc1 {[%clk 00:28:03]}
{[%emt 00:00:08]} Bxe2 {[%clk 01:06:37]} {[%emt 00:00:09]} 22. Bxf8 {[%clk
00:28:15]} {[%emt 00:00:19]} Kxf8 {[%clk 01:06:52]} {[%emt 00:00:14]} 23. Qxe2
{[%clk 00:28:34]} {[%emt 00:00:12]} Qc4 {[%clk 01:07:12]} {[%emt 00:00:08]} 24.
Qxc4 {[%clk 00:24:41]} {[%emt 00:04:25]} Rxc4 {[%clk 01:07:37]} {[%emt
00:00:05]} 25. f3 {[%clk 00:25:06]} {[%emt 00:00:05]} Ke8 {[%clk 01:06:05]}
{[%emt 00:02:02]} 26. c3 {[%clk 00:22:19]} {[%emt 00:03:17]} Kd7 {[%clk
01:05:37]} {[%emt 00:00:58]} 27. Kf2 {[%clk 00:20:30]} {[%emt 00:02:20]} b5
{[%clk 01:06:02]} {[%emt 00:00:05]} 28. a3 {[%clk 00:20:51]} {[%emt 00:00:09]}
a5 {[%clk 01:06:25]} {[%emt 00:00:05]} 29. Ke2 {[%clk 00:16:55]} {[%emt
00:04:26]} b4 {[%clk 01:06:48]} {[%emt 00:00:08]} 30. Kd2 {[%clk 00:16:59]}
{[%emt 00:00:26]} Rxc3 {[%clk 01:06:57]} {[%emt 00:00:21]} 31. Rxc3 {[%clk
00:16:12]} {[%emt 00:01:17]} bxc3+ {[%clk 01:07:21]} {[%emt 00:00:07]} 32. Kxc3
{[%clk 00:16:40]} {[%emt 00:00:02]} Kc6 {[%clk 01:07:36]} {[%emt 00:00:14]} 33.
h4 {[%clk 00:15:09]} {[%emt 00:02:01]} Kc5 {[%clk 01:07:53]} {[%emt 00:00:13]}
34. g4 {[%clk 00:14:32]} {[%emt 00:01:07]} e6 {[%clk 01:07:45]} {[%emt
00:00:38]} 35. g5 {[%clk 00:06:50]} {[%emt 00:08:12]} d5 {[%clk 01:08:03]}
{[%emt 00:00:13]} 36. Kd3 {[%clk 00:06:35]} {[%emt 00:00:45]} d4 {[%clk
01:07:09]} {[%emt 00:01:23]} 37. f4 {[%clk 00:06:27]} {[%emt 00:00:38]} a4
{[%clk 01:07:39]} {[%emt 00:00:02]} 38. Kd2 {[%clk 00:05:12]} {[%emt 00:01:44]}
Kc4 {[%clk 01:08:02]} {[%emt 00:00:06]} 39. Kc2 {[%clk 00:05:38]} {[%emt
00:00:04]} d3+ {[%clk 01:08:22]} {[%emt 00:00:09]} 40. Kd2 {[%clk 00:06:07]}
{[%emt 00:00:01]} Kd4 {[%clk 01:08:42]} {[%emt 00:00:11]}  0-1

[Event "26th 4NCL Congress"]
[Site "Woodland Grange, Leamington Spa"]
[Date "2021.09.11"]
[Round "3"]
[Board "7"]
[White "Sowray, Peter J"]
[Black "Thomson, Neil"]
[Result "1-0"]
[WhiteElo "2298"]
[BlackElo "2051"]
[PlyCount "0"]
[EventDate "2021.09.10"]
[EventRounds "5"]
[EventCountry "ENG"]

1. g3 {[%clk 01:30:56]} {[%emt 00:00:02]} g6 {[%clk 01:30:50]} {[%emt
00:00:10]} 2. Bg2 {[%clk 01:31:21]} {[%emt 00:00:06]} Bg7 {[%clk 01:31:14]}
{[%emt 00:00:06]} 3. c4 {[%clk 01:31:44]} {[%emt 00:00:07]} Nf6 {[%clk
01:31:19]} {[%emt 00:00:25]} 4. Nc3 {[%clk 01:31:48]} {[%emt 00:00:26]} O-O
{[%clk 01:31:39]} {[%emt 00:00:09]} 5. d3 {[%clk 01:31:48]} {[%emt 00:00:30]}
d6 {[%clk 01:30:29]} {[%emt 00:01:40]} 6. e3 {[%clk 01:31:10]} {[%emt
00:01:09]} e5 {[%clk 01:30:06]} {[%emt 00:00:52]} 7. Nge2 {[%clk 01:31:28]}
{[%emt 00:00:11]} c6 {[%clk 01:30:02]} {[%emt 00:00:35]} 8. O-O {[%clk
01:26:02]} {[%emt 00:05:58]} Be6 {[%clk 01:23:37]} {[%emt 00:06:54]} 9. b3
{[%clk 01:21:41]} {[%emt 00:13:09]} d5 {[%clk 01:19:58]} 10. Bb2 {[%clk
01:18:39]} Na6 {[%clk 01:11:22]} {[%emt 00:08:29]} 11. cxd5 {[%clk 01:15:06]}
{[%emt 00:04:03]} Nxd5 {[%clk 01:08:12]} {[%emt 00:03:40]} 12. d4 {[%clk
01:11:22]} {[%emt 00:04:13]} Qa5 {[%clk 00:51:52]} {[%emt 00:16:50]} 13. Qe1
{[%clk 00:45:20]} {[%emt 00:26:32]} Nxc3 {[%clk 00:32:48]} {[%emt 00:19:34]} 14.
Bxc3 {[%clk 00:43:20]} {[%emt 00:02:31]} Qc7 {[%clk 00:32:51]} {[%emt
00:00:26]} 15. Rc1 {[%clk 00:39:40]} {[%emt 00:04:10]} exd4 {[%clk 00:27:40]}
{[%emt 00:05:40]} 16. Nxd4 {[%clk 00:38:19]} {[%emt 00:01:52]} Bd7 {[%clk
00:26:50]} {[%emt 00:01:19]} 17. Nb5 {[%clk 00:31:55]} {[%emt 00:06:55]} Bxc3
{[%clk 00:22:45]} {[%emt 00:04:35]} 18. Qxc3 {[%clk 00:31:54]} {[%emt
00:00:31]} Qb8 {[%clk 00:20:33]} {[%emt 00:02:41]} 19. Nd4 {[%clk 00:24:24]}
{[%emt 00:08:00]} Qe5 {[%clk 00:17:54]} {[%emt 00:03:09]} 20. Nxc6 {[%clk
00:23:40]} {[%emt 00:01:15]} Qxc3 {[%clk 00:16:29]} {[%emt 00:01:55]} 21. Ne7+
{[%clk 00:24:08]} {[%emt 00:00:02]} Kg7 {[%clk 00:16:49]} {[%emt 00:00:10]} 22.
Rxc3 {[%clk 00:24:35]} {[%emt 00:00:04]} Rab8 {[%clk 00:15:38]} {[%emt
00:01:41]} 23. Nd5 {[%clk 00:23:13]} {[%emt 00:01:52]} Bc6 {[%clk 00:15:20]}
{[%emt 00:00:48]} 24. Nf4 {[%clk 00:22:23]} {[%emt 00:01:20]} Bxg2 {[%clk
00:13:50]} {[%emt 00:02:00]} 25. Kxg2 {[%clk 00:22:39]} {[%emt 00:00:14]} Rfd8
{[%clk 00:13:56]} {[%emt 00:00:24]} 26. a3 {[%clk 00:22:27]} {[%emt 00:00:42]}
Rd2 {[%clk 00:13:28]} {[%emt 00:00:57]} 27. Rfc1 {[%clk 00:20:19]} {[%emt
00:02:38]} Rbd8 {[%clk 00:12:38]} {[%emt 00:01:20]} 28. R1c2 {[%clk 00:19:58]}
{[%emt 00:00:51]} Rd1 {[%clk 00:12:25]} {[%emt 00:00:44]} 29. Ne2 {[%clk
00:18:16]} {[%emt 00:02:12]} Ra1 {[%clk 00:09:54]} {[%emt 00:03:01]} 30. b4
{[%clk 00:18:38]} {[%emt 00:00:07]} Rd5 {[%clk 00:08:41]} {[%emt 00:01:44]} 31.
Nd4 {[%clk 00:18:01]} {[%emt 00:01:07]} Nb8 {[%clk 00:08:07]} {[%emt 00:01:05]}
32. Rc7 {[%clk 00:16:58]} {[%emt 00:01:33]} Rxa3 {[%clk 00:06:27]} {[%emt
00:02:10]} 33. Rxb7 {[%clk 00:15:25]} {[%emt 00:02:03]} Nd7 {[%clk 00:06:32]}
{[%emt 00:00:24]} 34. Rcc7 {[%clk 00:15:06]} {[%emt 00:00:49]} Ne5 {[%clk
00:06:56]} {[%emt 00:00:06]} 35. Nf3 {[%clk 00:14:26]} {[%emt 00:01:09]} a5
{[%clk 00:02:21]} {[%emt 00:05:06]} 36. Nxe5 {[%clk 00:14:33]} {[%emt
00:00:23]} Rxe5 {[%clk 00:02:40]} {[%emt 00:00:10]} 37. Rxf7+ {[%clk 00:14:49]}
{[%emt 00:00:13]} Kg8 {[%clk 00:03:02]} {[%emt 00:00:08]} 38. Rg7+ {[%clk
00:14:44]} {[%emt 00:00:35]}  1-0

[Event "26th 4NCL Congress"]
[Site "Woodland Grange, Leamington Spa"]
[Date "2021.09.11"]
[Round "3"]
[Board "8"]
[White "Cannon, Richard J"]
[Black "Lalic, Peter D"]
[Result "0-1"]
[WhiteElo "2058"]
[BlackElo "2253"]
[PlyCount "0"]
[EventDate "2021.09.10"]
[EventRounds "5"]
[EventCountry "ENG"]

1. e4 {[%emt 00:03:03]} c5 {[%clk 01:27:33]} {[%emt 00:00:27]} 2. Nf3 {[%clk
01:31:15]} {[%emt 00:00:11]} Nc6 {[%clk 01:27:57]} {[%emt 00:00:06]} 3. d4
{[%clk 01:31:32]} {[%emt 00:00:12]} cxd4 {[%clk 01:28:22]} {[%emt 00:00:05]} 4.
Nxd4 {[%clk 01:31:58]} {[%emt 00:00:04]} e5 {[%clk 01:28:47]} {[%emt 00:00:06]}
5. Nb5 {[%clk 01:32:05]} {[%emt 00:00:23]} d6 {[%clk 01:29:05]} {[%emt
00:00:12]} 6. c4 {[%clk 01:32:19]} {[%emt 00:00:15]} Be7 {[%clk 01:26:32]}
{[%emt 00:03:03]} 7. N1c3 {[%clk 01:32:22]} {[%emt 00:00:27]} a6 {[%clk
01:26:27]} {[%emt 00:00:30]} 8. Na3 {[%clk 01:32:47]} {[%emt 00:00:11]} Nf6
{[%clk 01:25:04]} {[%emt 00:01:53]} 9. Be2 {[%clk 01:30:46]} {[%emt 00:02:30]}
Be6 {[%clk 01:23:29]} {[%emt 00:02:05]} 10. Be3 {[%clk 01:30:25]} {[%emt
00:00:51]} O-O {[%clk 01:20:56]} {[%emt 00:03:03]} 11. O-O {[%clk 01:30:44]}
{[%emt 00:00:11]} Rc8 {[%clk 01:19:09]} {[%emt 00:02:15]} 12. f3 {[%clk
01:29:10]} {[%emt 00:10:18]} Nd4 {[%clk 01:10:42]} {[%emt 00:00:46]} 13. Kh1
{[%clk 01:15:24]} {[%emt 00:14:16]} Nh5 {[%clk 00:57:47]} {[%emt 00:13:24]} 14.
f4 {[%clk 01:07:23]} {[%emt 00:08:31]} Nxf4 {[%clk 00:42:24]} {[%emt 00:15:52]}
15. Bxf4 {[%clk 01:01:01]} {[%emt 00:06:53]} Nxe2 {[%clk 00:41:08]} {[%emt
00:01:47]} 16. Qxe2 {[%clk 01:00:45]} {[%emt 00:00:45]} exf4 {[%clk 00:41:26]}
{[%emt 00:00:12]} 17. Rxf4 {[%clk 01:00:35]} {[%emt 00:00:40]} Bf6 {[%clk
00:37:54]} {[%emt 00:04:03]} 18. Nd5 {[%clk 00:47:40]} {[%emt 00:13:25]} Be5
{[%clk 00:38:10]} {[%emt 00:00:14]} 19. g3 {[%clk 00:47:25]} {[%emt 00:00:45]}
Bxf4 {[%clk 00:30:27]} {[%emt 00:08:13]} 20. gxf4 {[%clk 00:47:46]} {[%emt
00:00:08]} b5 {[%clk 00:24:46]} {[%emt 00:06:11]} 21. cxb5 {[%clk 00:41:08]}
{[%emt 00:07:09]} Bxd5 {[%clk 00:24:52]} {[%emt 00:00:22]} 22. exd5 {[%clk
00:41:33]} {[%emt 00:00:06]} Rc5 {[%clk 00:20:58]} {[%emt 00:04:23]} 23. bxa6
{[%clk 00:37:21]} {[%emt 00:04:43]} Qa8 {[%clk 00:19:25]} {[%emt 00:02:02]} 24.
b4 {[%clk 00:36:11]} {[%emt 00:01:41]} Rc3 {[%clk 00:15:01]} {[%emt 00:04:52]}
25. Nb5 {[%clk 00:35:07]} {[%emt 00:01:36]} Qxd5+ {[%clk 00:15:12]} {[%emt
00:00:19]} 26. Kg1 {[%clk 00:35:29]} {[%emt 00:00:07]} Rc4 {[%clk 00:14:01]}
{[%emt 00:01:39]} 27. Nxd6 {[%clk 00:33:42]} {[%emt 00:02:19]} Rxf4 {[%clk
00:11:21]} {[%emt 00:03:10]} 28. Rd1 {[%clk 00:33:25]} {[%emt 00:00:47]} Rd4
{[%clk 00:09:30]} {[%emt 00:02:21]} 29. Rxd4 {[%clk 00:29:30]} {[%emt
00:04:25]} Qxd4+ {[%clk 00:09:53]} {[%emt 00:00:06]} 30. Kg2 {[%clk 00:29:11]}
{[%emt 00:00:49]} Qxd6 {[%clk 00:10:11]} {[%emt 00:00:13]} 31. b5 {[%clk
00:29:30]} {[%emt 00:00:12]} Qb4 {[%clk 00:05:32]} {[%emt 00:05:08]} 32. Qd3
{[%clk 00:24:50]} {[%emt 00:05:10]} Qa5 {[%clk 00:03:56]} {[%emt 00:02:05]} 33.
Qc4 {[%clk 00:23:05]} {[%emt 00:02:16]} h5 {[%clk 00:02:20]} {[%emt 00:02:05]}
34. a4 {[%clk 00:23:01]} {[%emt 00:00:35]} Rd8 {[%clk 00:01:33]} {[%emt
00:01:15]} 35. Kf3 {[%clk 00:21:30]} {[%emt 00:02:02]} Qd2 {[%clk 00:01:37]}
{[%emt 00:00:26]} 36. Qe2 {[%clk 00:20:32]} {[%emt 00:01:28]} Rd3+ {[%clk
00:01:33]} {[%emt 00:00:34]} 37. Kf2 {[%clk 00:20:57]} {[%emt 00:00:05]} Qf4+
{[%clk 00:01:57]} {[%emt 00:00:06]} 38. Kg1 {[%clk 00:21:08]} {[%emt 00:00:19]}
Qd4+ {[%clk 00:01:41]} {[%emt 00:00:46]} 39. Kf1 {[%clk 00:20:33]} {[%emt
00:01:06]} Rd1+ {[%clk 00:01:57]} {[%emt 00:00:14]} 40. Kg2 {[%clk 00:20:53]}
{[%emt 00:00:10]} Rd2 {[%clk 00:02:13]} {[%emt 00:00:13]}  0-1

[Event "26th 4NCL Congress"]
[Site "Woodland Grange, Leamington Spa"]
[Date "2021.09.11"]
[Round "3"]
[Board "9"]
[White "Elwin, Adrian G"]
[Black "Carroll, Thomas"]
[Result "0-1"]
[WhiteElo "2043"]
[BlackElo "2223"]
[PlyCount "0"]
[EventDate "2021.09.10"]
[EventRounds "5"]
[EventCountry "ENG"]

1. d4 {[%clk 01:30:56]} {[%emt 00:00:04]} Nf6 {[%clk 01:30:56]} {[%emt
00:00:04]} 2. c4 {[%clk 01:31:13]} {[%emt 00:00:13]} c5 {[%clk 01:31:21]}
{[%emt 00:00:06]} 3. d5 {[%clk 01:31:23]} {[%emt 00:00:20]} e6 {[%clk
01:31:42]} {[%emt 00:00:10]} 4. f3 {[%clk 01:25:11]} {[%emt 00:06:42]} b5
{[%clk 01:25:38]} {[%emt 00:06:35]} 5. e4 {[%clk 01:23:11]} {[%emt 00:02:29]}
bxc4 {[%clk 01:16:50]} {[%emt 00:15:49]} 6. Bxc4 {[%clk 01:20:38]} Ba6 {[%clk
01:10:35]} {[%emt 00:03:17]} 7. Bxa6 {[%clk 01:16:33]} {[%emt 00:04:35]} Nxa6
{[%clk 01:08:49]} {[%emt 00:02:17]} 8. Nc3 {[%clk 01:15:27]} {[%emt 00:01:36]}
Qb6 {[%clk 01:03:07]} {[%emt 00:06:12]} 9. Nge2 {[%clk 01:11:24]} {[%emt
00:04:32]} Bd6 {[%clk 00:54:39]} {[%emt 00:08:59]} 10. O-O {[%clk 00:54:20]}
{[%emt 00:17:33]} c4+ {[%clk 00:49:01]} {[%emt 00:06:08]} 11. Kh1 {[%clk
00:54:36]} {[%emt 00:00:13]} Nb4 {[%clk 00:49:07]} {[%emt 00:00:25]} 12. Qd4
{[%clk 00:42:38]} {[%emt 00:12:28]} O-O {[%clk 00:36:13]} {[%emt 00:13:25]} 13.
Qxb6 {[%clk 00:24:03]} {[%emt 00:19:04]} axb6 {[%clk 00:36:36]} {[%emt
00:00:07]} 14. f4 {[%clk 00:16:48]} {[%emt 00:07:45]} Bc5 {[%clk 00:35:48]}
{[%emt 00:01:18]} 15. dxe6 {[%clk 00:16:50]} {[%emt 00:00:27]} dxe6 {[%clk
00:35:32]} {[%emt 00:00:47]} 16. e5 {[%clk 00:16:02]} {[%emt 00:01:18]} Nfd5
{[%clk 00:31:53]} {[%emt 00:04:10]} 17. a3 {[%clk 00:13:03]} {[%emt 00:03:30]}
Nd3 {[%clk 00:28:53]} {[%emt 00:03:30]} 18. Ne4 {[%clk 00:13:07]} {[%emt
00:00:25]} Rfd8 {[%clk 00:25:44]} {[%emt 00:03:39]} 19. Rb1 {[%clk 00:06:55]}
{[%emt 00:06:42]} Be3 {[%clk 00:21:34]} {[%emt 00:04:40]} 20. Bxe3 {[%clk
00:06:04]} {[%emt 00:01:21]} Nxe3 {[%clk 00:21:57]} {[%emt 00:00:08]} 21. Rf3
{[%clk 00:05:26]} {[%emt 00:01:07]} Nf5 {[%clk 00:18:14]} {[%emt 00:04:13]} 22.
g3 {[%clk 00:04:55]} {[%emt 00:01:01]} Kf8 {[%clk 00:17:30]} {[%emt 00:01:14]}
23. g4 {[%clk 00:03:17]} {[%emt 00:02:08]} Nd4 {[%clk 00:17:39]} {[%emt
00:00:22]} 24. Nxd4 {[%clk 00:03:20]} {[%emt 00:00:27]} Rxd4 {[%clk 00:18:02]}
{[%emt 00:00:07]} 25. Nd6 {[%clk 00:03:27]} {[%emt 00:00:24]} Nxf4 {[%clk
00:17:35]} {[%emt 00:00:56]} 26. g5 {[%clk 00:03:15]} {[%emt 00:00:41]} Kg8
{[%clk 00:15:49]} {[%emt 00:02:16]} 27. Rbf1 {[%clk 00:01:56]} {[%emt
00:01:49]} Ng6 {[%clk 00:15:57]} {[%emt 00:00:22]} 28. Nb5 {[%clk 00:01:34]}
{[%emt 00:00:53]} Rd7 {[%clk 00:15:24]} {[%emt 00:01:02]} 29. Nc3 {[%clk
00:00:36]} {[%emt 00:01:30]} Ra5 {[%clk 00:14:56]} {[%emt 00:00:58]} 30. Re3
{[%clk 00:00:35]} {[%emt 00:00:31]} Rxe5 {[%clk 00:14:52]} {[%emt 00:00:35]} 31.
Rxe5 {[%clk 00:00:47]} {[%emt 00:00:18]} Nxe5 {[%clk 00:15:18]} {[%emt
00:00:04]} 32. Re1 {[%clk 00:00:44]} {[%emt 00:00:32]} Nd3 {[%clk 00:15:05]}
{[%emt 00:00:42]} 33. Re2 {[%clk 00:01:08]} {[%emt 00:00:06]} Kf8 {[%clk
00:14:40]} {[%emt 00:00:56]} 34. Kg1 {[%clk 00:01:33]} {[%emt 00:00:04]} Rd4
{[%clk 00:14:50]} {[%emt 00:00:19]} 35. h3 {[%clk 00:01:14]} {[%emt 00:00:50]}
Nf4 {[%clk 00:15:04]} {[%emt 00:00:17]} 36. Rh2 {[%clk 00:01:08]} {[%emt
00:00:35]} Rd3 {[%clk 00:15:18]} {[%emt 00:00:16]} 37. h4 {[%clk 00:01:25]}
{[%emt 00:00:13]} Nd5 {[%clk 00:15:01]} {[%emt 00:00:47]} 38. Na4 {[%clk
00:01:13]} {[%emt 00:00:43]} Rd1+ {[%clk 00:15:23]} {[%emt 00:00:08]} 39. Kf2
{[%clk 00:01:28]} {[%emt 00:00:15]} Rd2+ {[%clk 00:15:47]} {[%emt 00:00:07]} 40.
Kg3 {[%clk 00:01:53]} {[%emt 00:00:04]} Rxh2 {[%clk 00:16:11]} {[%emt
00:00:06]} 41. Kxh2 {[%clk 00:02:10]} {[%emt 00:00:14]} Ke7 {[%clk 00:16:32]}
{[%emt 00:00:10]}  0-1

[Event "26th 4NCL Congress"]
[Site "Woodland Grange, Leamington Spa"]
[Date "2021.09.11"]
[Round "3"]
[Board "10"]
[White "Okhai, Shabir"]
[Black "Weersing, Abigail R"]
[Result "1-0"]
[WhiteElo "2215"]
[BlackElo "1945"]
[PlyCount "0"]
[EventDate "2021.09.10"]
[EventRounds "5"]
[EventCountry "ENG"]

1. e4 {[%clk 01:30:47]} {[%emt 00:00:02]} e6 {[%clk 01:30:57]} {[%emt
00:00:13]} 2. d4 {[%clk 01:31:12]} {[%emt 00:00:05]} d5 {[%clk 01:31:25]}
{[%emt 00:00:03]} 3. Nc3 {[%clk 01:31:38]} {[%emt 00:00:04]} dxe4 {[%clk
01:31:51]} {[%emt 00:00:03]} 4. Nxe4 {[%clk 01:32:03]} {[%emt 00:00:05]} Nd7
{[%clk 01:32:18]} {[%emt 00:00:03]} 5. Nf3 {[%clk 01:31:58]} {[%emt 00:00:34]}
Ngf6 {[%clk 01:32:44]} {[%emt 00:00:05]} 6. Bd3 {[%clk 01:32:19]} {[%emt
00:00:09]} Be7 {[%clk 01:33:04]} {[%emt 00:00:10]} 7. Nxf6+ {[%clk 01:32:01]}
{[%emt 00:00:48]} Nxf6 {[%clk 01:33:28]} {[%emt 00:00:07]} 8. Qe2 {[%clk
01:31:59]} {[%emt 00:00:31]} O-O {[%clk 01:33:35]} {[%emt 00:00:23]} 9. Bg5
{[%clk 01:31:22]} {[%emt 00:01:07]} c5 {[%clk 01:33:22]} {[%emt 00:00:44]} 10.
dxc5 {[%clk 01:28:42]} {[%emt 00:03:10]} Qa5+ {[%clk 01:33:14]} {[%emt
00:00:38]} 11. c3 {[%clk 01:28:27]} {[%emt 00:00:46]} Qxc5 {[%clk 01:33:18]}
{[%emt 00:00:26]} 12. O-O-O {[%clk 01:28:24]} {[%emt 00:00:32]} Rd8 {[%clk
01:30:35]} {[%emt 00:03:13]} 13. Bxf6 {[%clk 01:21:42]} {[%emt 00:07:13]} Bxf6
{[%clk 01:30:53]} {[%emt 00:00:12]} 14. Bxh7+ {[%clk 01:21:02]} {[%emt
00:01:10]} Kxh7 {[%clk 01:30:06]} {[%emt 00:09:52]} 15. Rxd8 {[%clk 01:21:30]}
Bxd8 {[%clk 01:29:39]} 16. Qd3+ {[%clk 01:21:58]} g6 {[%clk 01:27:43]} 17. Qxd8
{[%clk 01:22:00]} Kg7 {[%clk 00:54:58]} {[%emt 00:28:34]} 18. Qd4+ {[%clk
01:13:27]} {[%emt 00:09:03]} Qxd4 {[%clk 00:55:18]} {[%emt 00:00:11]} 19. Nxd4
{[%clk 01:13:55]} {[%emt 00:00:02]} b6 {[%clk 00:54:37]} {[%emt 00:01:11]} 20.
Rd1 {[%clk 01:13:30]} {[%emt 00:00:54]} Bb7 {[%clk 00:54:10]} {[%emt 00:00:57]}
21. Nxe6+ {[%clk 01:12:44]} {[%emt 00:01:16]} Kh6 {[%clk 00:48:36]} {[%emt
00:06:05]} 22. Nf4 {[%clk 01:10:38]} {[%emt 00:02:35]} g5 {[%clk 00:46:43]}
{[%emt 00:02:24]} 23. Rd6+ {[%clk 01:10:39]} {[%emt 00:00:28]} Kg7 {[%clk
00:44:34]} {[%emt 00:02:39]} 24. Ne6+ {[%clk 01:04:44]} {[%emt 00:06:25]} Kg8
{[%clk 00:40:58]} {[%emt 00:04:07]} 25. Nxg5 {[%clk 01:04:26]} {[%emt
00:00:47]} Bxg2 {[%clk 00:40:54]} {[%emt 00:00:35]} 26. Rd7 {[%clk 01:02:45]}
{[%emt 00:02:11]} f6 {[%clk 00:39:23]} {[%emt 00:01:59]} 27. Nh7 {[%clk
01:01:46]} {[%emt 00:01:31]} f5 {[%clk 00:38:32]} {[%emt 00:01:22]} 28. Nf6+
{[%clk 01:02:10]} {[%emt 00:00:05]} Kf8 {[%clk 00:38:51]} {[%emt 00:00:11]} 29.
Rh7 {[%clk 01:02:07]} {[%emt 00:00:33]} Rd8 {[%clk 00:37:51]} {[%emt 00:01:31]}
30. Rh8+ {[%clk 01:01:48]} {[%emt 00:00:49]} Ke7 {[%clk 00:38:13]} {[%emt
00:00:08]} 31. Rxd8 {[%clk 01:02:15]} {[%emt 00:00:02]} Kxd8 {[%clk 00:38:38]}
{[%emt 00:00:05]} 32. Kd2 {[%clk 01:01:30]} {[%emt 00:01:16]} Ke7 {[%clk
00:38:36]} {[%emt 00:00:32]} 33. Nh5 {[%clk 01:01:53]} {[%emt 00:00:05]} Bf3
{[%clk 00:37:47]} {[%emt 00:01:19]} 34. Nf4 {[%clk 01:02:15]} {[%emt 00:00:10]}
Kf6 {[%clk 00:37:47]} {[%emt 00:00:30]} 35. Ke3 {[%clk 01:02:19]} {[%emt
00:00:26]} Be4 {[%clk 00:36:49]} {[%emt 00:01:25]} 36. h4 {[%clk 01:01:36]}
{[%emt 00:01:16]} Bc6 {[%clk 00:32:32]} {[%emt 00:04:46]} 37. Kd4 {[%clk
01:01:37]} {[%emt 00:00:30]} Bf3 {[%clk 00:32:30]} {[%emt 00:00:30]} 38. c4
{[%clk 01:01:16]} {[%emt 00:00:54]} Bb7 {[%clk 00:26:23]} {[%emt 00:06:36]} 39.
b4 {[%clk 01:01:02]} {[%emt 00:00:45]} Bf3 {[%clk 00:24:54]} {[%emt 00:01:58]}
40. Nd5+ {[%clk 00:59:58]} {[%emt 00:01:36]} Ke6 {[%clk 00:24:23]} {[%emt
00:00:57]} 41. Nc7+ {[%clk 00:59:58]} {[%emt 00:00:32]} Kf6 {[%clk 00:24:04]}
{[%emt 00:00:46]} 42. Nb5 {[%clk 01:00:10]} {[%emt 00:00:21]} a6 {[%clk
00:22:54]} {[%emt 00:01:40]} 43. Nc7 {[%clk 01:00:33]} {[%emt 00:00:07]} Bb7
{[%clk 00:22:57]} {[%emt 00:00:28]} 44. Nd5+ {[%clk 01:00:58]} {[%emt
00:00:05]} Kg6 {[%clk 00:22:44]} {[%emt 00:00:42]} 45. Ke5 {[%clk 01:01:07]}
{[%emt 00:00:23]} Kh5 {[%clk 00:21:47]} {[%emt 00:01:27]} 46. Kxf5 {[%clk
01:00:32]} {[%emt 00:01:05]} b5 {[%clk 00:21:35]} {[%emt 00:00:42]} 47. Nf6
{[%clk 01:00:20]} {[%emt 00:00:42]} Kxh4 {[%clk 00:21:38]} {[%emt 00:00:27]} 48.
c5 {[%clk 01:00:35]} {[%emt 00:00:15]} Bc6 {[%clk 00:20:28]} {[%emt 00:01:40]}
49. a3 {[%clk 00:59:48]} {[%emt 00:01:17]} Bb7 {[%clk 00:20:31]} {[%emt
00:00:27]} 50. Ne8 {[%clk 00:59:47]} {[%emt 00:00:31]} Bc8+ {[%clk 00:19:42]}
{[%emt 00:01:20]} 51. Ke5 {[%clk 01:00:03]} {[%emt 00:00:12]} Kg5 {[%clk
00:20:03]} {[%emt 00:00:09]} 52. c6 {[%emt 00:01:50]}  1-0

[Event "26th 4NCL Congress"]
[Site "Woodland Grange, Leamington Spa"]
[Date "2021.09.11"]
[Round "3"]
[Board "11"]
[White "Yoon, Jacob D"]
[Black "Gordon, Frederick"]
[Result "0-1"]
[WhiteElo "2199"]
[BlackElo "1456"]
[PlyCount "108"]
[EventDate "2021.09.10"]
[EventRounds "5"]
[EventCountry "ENG"]

1. b3 {2652} e5 2. Bb2 Nc6 3. e3 Nf6 4. Nf3 Bd6 5. c4 O-O 6. Be2 e4 7. Nd4 Bc5
8. Nxc6 dxc6 9. O-O Re8 10. f3 Be6 11. Nc3 exf3 12. Bxf3 Qd3 13. Ne2 Ne4 14.
Bc1 Bf5 15. Nf4 Qd7 16. Kh1 Rad8 17. d3 Nf6 18. d4 Bd6 19. Nd3 Ne4 20. c5 Bf8
21. Bb2 f6 22. Nf4 Ng5 23. Qe1 Qe7 24. Be2 Qxe3 25. Bc4+ Kh8 26. Qh4 Qd2 27.
Rab1 Bxb1 28. Rxb1 h6 29. Bd3 Re3 30. Bg6 Bxc5 31. d5 Bd4 32. Bxd4 Qxd4 33. Bf7
Qe4 34. Bg6 Qe7 35. Bc2 Kg8 36. Qf2 cxd5 37. h4 Nf7 38. Ng6 Qe6 39. Bf5 Qe8 40.
Rc1 c6 41. Nf4 Nd6 42. Bb1 Qe5 43. Ng6 Qg3 44. Qc2 Re1+ 45. Rxe1 Qxe1+ 46. Kh2
Ne4 47. Qd3 Kf7 48. h5 Nf2 49. Qf5 Ng4+ 50. Kh3 Ne5 51. Nf4 Re8 52. Kh2 Qh4+
53. Kg1 Nf3+ 54. gxf3 Qg3+  0-1